Apuntes porteños
Guardat en:
| Autor principal: | |
|---|---|
| Autor corporatiu: | , |
| Format: | Llibre |
| Idioma: | espanyol |
| Publicat: |
Valparaíso
Fundación Renzo Pecchenino, Lukas
2005
|
| Edició: | 3a. ed |
| Matèries: | |
| Accés en línia: | portada |
| Etiquetes: |
Afegir etiqueta
Sense etiquetes, Sigues el primer a etiquetar aquest registre!
|
MARC
| LEADER | 00000nam a2200000 a 4500 | ||
|---|---|---|---|
| 001 | UCJ8865 | ||
| 003 | CL-VaPUC | ||
| 005 | 20250221124001.0 | ||
| 008 | 070124e20051200CL |||||||||||||||||spa|d | ||
| 651 | 0 | |a Valparaíso, Chile |9 261144 | |
| 999 | |c 324514 |d 324512 | ||
| 020 | |a 9562722813 | ||
| 040 | |c Pontificia Universidad Católica de Valparaíso | ||
| 082 | 0 | 4 | |a 983 |b LUK |2 21 |
| 100 | |a Lukas, |d 1934-1988, |q Pecchenino Raggi, Renzo |e autor |9 861249 | ||
| 110 | 2 | |a Pontificia Universidad Católica de Valparaíso |e author |9 518414 | |
| 245 | 1 | 0 | |a Apuntes porteños |
| 250 | |a 3a. ed | ||
| 260 | |a Valparaíso |b Fundación Renzo Pecchenino, Lukas |c 2005 | ||
| 300 | |a pág. irreg | ||
| 500 | |a Corresponde a la primera reimpresión de la edición de abril de 2002 | ||
| 500 | |a Prólogo del Profesor de Arquitectura, Alberto Cruz C | ||
| 583 | |a last modification |c 20070124 00:00:00 |k Rodrigo Vera | ||
| 600 | 0 | 7 | |a TROMBEN REYES, CARLOS |2 CL-VaPUC |9 518416 |
| 600 | 0 | 7 | |a CRUZ COVARRUBIAS, CARLOS ALBERTO |2 CL-VaPUC |9 510134 |
| 600 | 0 | 7 | |a URENDA ZEGERS, BELTRÁN |2 CL-VaPUC |9 494551 |
| 650 | 7 | |a CROQUIS |2 CL-VaPUC |9 346938 | |
| 650 | 0 | |a Dibujo |9 260181 | |
| 650 | 0 | |a Historia local |9 266584 | |
| 650 | 0 | |a Historia de Valparaíso |9 460237 | |
| 710 | 2 | |a Fundación Renzo Pecchenino, Lukas |e author |9 518415 | |
| 856 | 7 | |f UCJ8865_01.jpg |u http://opac.pucv.cl/pucv_img/Img-8500/UCJ8865_01.jpg |q JEPG |2 file |z portada | |
| 942 | |c BK |2 ddc | ||
| 945 | |d 20070124 00:00:00 |a fvergara | ||
| 952 | |0 0 |1 0 |4 0 |6 983_000000000000000_LUK_2005 |7 0 |8 X |9 404760 |a FDOBUD |b FDOBUD |d 2019-11-22 |i 1085093 |o 983 LUK 2005 |p 1085093 |r 2019-11-22 |w 2019-11-22 |y BK_X |k BUD | ||